LEADER 02185nas 2200613-a 450 001 9910892810303321 005 20260218111309.0 035 $a(DE-599)ZDB1609-8714;1609-6932 035 $a(DE-599)ZDB2063950-8 035 $a(CKB)974392608077 035 $a(CONSER)---79648888- 035 $a(DE-599)2045293-7 035 $a(EXLCZ)99974392608077 100 $a20790614b19792000 -f- b 101 0 $aeng 181 $ctxt$2rdacontent 182 $cc$2rdamedia 183 $acr$2rdacarrier 200 10$aIndicators of industrial activity =$eIndicateurs des activités industrielles 210 1$aParis :$cOrganisation for Economic Co-operation and Development 215 $a1 online resource 225 1 $a1971-<1983, 2>: OECD statistics 225 1 $a-2000, no. 3: Statistics = Statistiques 311 08$aPrint version: Indicators of industrial activity = (DLC) 79648888 (OCoLC)5065391 0250-4278 410 0$aOECD statistics. 410 0$aStatistics (Organisation for Economic Co-operation and Development) 517 3 $aIndicateurs des activités industrielles 531 $aOECD INDICATORS OF INDUSTRIAL ACTIVITY 531 0 $aIndic. ind. act. 606 $aIndustrial statistics$vPeriodicals 606 $aStatistiques industrielles$vPériodiques 606 $aIndustrial statistics$2fast 606 $aIndustriële ontwikkeling$2gtt 606 $aIndustrial statistics$zOECD countries$vPeriodicals$2nli 606 $aINDUSTRY$2unbist 606 $aECONOMIC INDICATORS$2unbist 606 $aSTATISTICS$2unbist 607 $aOECD countries$xEconomic conditions$vStatistics$vPeriodicals$2nli 608 $aPeriodicals.$2fast 608 $aPeriodicals.$2lcgft 615 0$aIndustrial statistics 615 6$aStatistiques industrielles 615 7$aIndustrial statistics. 615 17$aIndustriële ontwikkeling. 615 7$aIndustrial statistics 615 7$aINDUSTRY. 615 7$aECONOMIC INDICATORS. 615 7$aSTATISTICS. 676 $a338/.002/12 906 $aJOURNAL 912 $a9910892810303321 920 $aexl_impl conversion 996 $aIndicators of industrial activity$91131511 997 $aUNINA